• 首页
  • 本馆介绍
  • 公告通知
  • 最新文献
  • 馆藏检索
  • 电子资源
  • 读者导购
  • 参考咨询
  • 我的图书馆
  • 登录
  • 详细信息显示
  • 放入我的书架
  • 预约/预借图书
  • 作者相关作品
  • 分类相关作品
  • 丛书相关作品
  • 出版社相关作品

书目信息

  • 表格格式
  • 工作单格式
  • 卡片格式
题名:
光谱仪器
    
 
作者: 塔拉索夫 著 ;包学诚 译
分册:  
出版信息: 北京   机械工业出版社  1985.9
页数: 437页
开本: 20cm
丛书名:
单 册:
中图分类: TH774.1
科图分类:
主题词: 医疗器械
电子资源:
ISBN:
000 00580nam0 2200205 45
001 0312221749
005 20060322153748.15
010    @dCNY3.30
091    @a15033.5912
100    @a20031222d1985 km y0chiy0120 ea
101    @achi
200 1  @a光谱仪器@AGuang Pu Yi Qi@f(苏)Н·И·塔拉索夫著@F(su)Н·И·ta la suo fu zhu@g包学诚等译
210    @a北京@c机械工业出版社@d1985.9
215    @a437页@d20cm
606 0  @a医疗器械
690    @aTH774.1@v3
701 0  @a塔拉索夫@Ata la suo fu@4著
702 0  @a包学诚@4译
801    @aCN@bTSTCL@c20060322
905    @dTH774.1@e17@f1@b151222
    
    光谱仪器/(苏)Н·И·塔拉索夫著/包学诚等译.-北京:机械工业出版社,1985.9
    437页;20cm
    
    
    ISBN :CNY3.30
    
●
相关链接 在E读中查询图书 在五车中查询图书 在当当中查询图书 在豆瓣中查询图书


正题名:光谱仪器     索取号:TH774.1/17         预约/预借

序号 登录号 条形码 馆藏地/架位号 状态 备注
1 0151222   001365935   第三借阅区/ [索取号:TH774.1/17] 在馆    
2 0151223   202217387   密集书库/ [索取号:TH774.1/17] 在馆    
3 0151224   001365891   第二样本阅览室/ [索取号:TH774.1/17] 在馆    
唐山师范学院图书馆 欢迎您!
大连网信软件有限公司© 版权所有